|
|
|
|
| LEADER |
00000cam a2200000 a 4500 |
| 001 |
73840-2 |
| 003 |
Ucuenca |
| 005 |
20240117084706.0 |
| 008 |
000000|1961 mx |||||r|||||||||||spa|| |
| 040 |
|
|
|b spa
|
| 041 |
1 |
|
|a spa
|
| 082 |
0 |
|
|a 530
|
| 245 |
|
|
|a Física: para estudiantes de ciencias e ingeniería
|c David Halliday; Robert Resnick
|h imp
|n Tomo 2
|
| 264 |
|
|
|a México
|b Compañía Editorial Continental
|c 1961
|
| 300 |
|
|
|a xvi, 776-1417 páginas:
|c 22 cm
|b ilu
|
| 504 |
|
|
|a incl. ref.
|
| 650 |
1 |
0 |
|a Física
|9 4976
|
| 650 |
1 |
|
|a Campos electricos
|9 36151
|
| 650 |
1 |
|
|a Condensadores
|9 38451
|
| 650 |
1 |
|
|a Fuerza electromotriz
|9 39071
|
| 650 |
1 |
0 |
|a Circuito electrónico
|9 34061
|
| 650 |
1 |
|
|a Campo magnetico
|9 39072
|
| 650 |
1 |
|
|a Ondas electromagneticas
|9 34141
|
| 650 |
1 |
|
|a Luz
|9 11279
|
| 650 |
1 |
4 |
|a Física cuántica
|9 34937
|
| 700 |
1 |
|
|a Halliday, David
|9 194449
|
| 700 |
1 |
|
|a Resnick, Robert
|9 36307
|
| 852 |
|
|
|a UC-CDJBV
|f Compra
|l 1
|m General
|p 00000000
|r 2
|t 73840-2
|b 0
|d CDRC
|e CDRC
|g 530 SEGUNDO PISO
|z 0000-00-00
|
| 942 |
|
|
|c BK
|
| 999 |
|
|
|c 24620
|d 24620
|